Estadísticas para Dinosaurios de Jurassic World Evolution

Haz click aquí para intentar la prueba.

Estadísticas generales

  • Esta prueba ha sido intentada 36 veces
  • La puntuación promedio es 12 de 37

Estadísticas de respuestas

juego base% Correcto
Velociraptor
88%
Triceratops
80%
Tyrannosaurus rex
68%
Indominus rex
52%
Diplodocus
48%
Ankylosaurus
44%
Brachiosaurus
44%
Gallimimus
44%
Stegosaurus
44%
Spinosaurus
40%
Ceratosaurus
36%
Giganotosaurus
36%
Apatosaurus
32%
Corythosaurus
32%
Pachycephalosaurus
32%
Parasaurolophus
32%
Deinonychus
28%
Dracorex
28%
Edmontosaurus
28%
Mamenchisaurus
28%
Nodosaurus
28%
Pentaceratops
28%
Torosaurus
28%
Camarasaurus
24%
Dilophosaurus
24%
Huayangosaurus
24%
Kentrosaurus
24%
Metriacanthosaurus
24%
Chasmosaurus
20%
Sauropelta
20%
Maiasaura
16%
Muttaburrasaurus
16%
Struthiomimus
16%
Tsintaosaurus
16%
Chungkingosaurus
12%
Gigantspinosaurus
12%
Polacanthus
12%

Distribución de puntuación

Porcentaje por número respondido

Porcentaje de gente con cada puntuación

Historial de tus puntuaciones

No has intentado esta prueba.